[Event "Vsetin op 41st"]
[Site "Vsetin"]
[Date "2016.07.06"]
[Round "6"]
[White "Krejca, Jakub"]
[Black "Bzowski, Blazej"]
[Result "0-1"]
[WhiteElo "2075"]
[BlackElo "2109"]
[PlyCount "72"]
[EventDate "2016.07.02"]
[EventType "swiss"]
[EventRounds "9"]
[EventCountry "CZE"]
[SourceTitle "CBM 173 Extra"]
[Source "ChessBase"]
[SourceDate "2016.08.29"]
[SourceVersion "1"]
[SourceVersionDate "2016.08.29"]
[SourceQuality "1"]

1. e4 e5 2. Nf3 Nc6 3. Bc4 Nf6 4. Ng5 Bc5 5. Bxf7+ Ke7 6. Bd5 Rf8 7. 0-0 h6 8. Nf3 d6 9. Bxc6 bxc6 10. d4 exd4 11. Nxd4 Kf7 12. Nc3 Kg8 13. Nxc6 Qe8 14. Nd4 Nxe4 15. Nxe4 Qxe4 16. c3 Qg6 17. Qc2 Qxc2 18. Nxc2 Ba6 19. Nd4 Bxd4 20. cxd4 Bxf1 21. Kxf1 Rab8 22. b3 Rf5 23. Bd2 Rbf8 24. Be3 Ra5 25. Rc1 Rxa2 26. Rxc7 Rb8 27. d5 Rxb3 28. g3 a5 29. Rd7 Rd3 30. Rxd6 a4 31. Rd8+ Kf7 32. Rd7+ Kf6 33. Rd6+ Ke5 34. Bf4+ Ke4 35. Kg1 Kf3 36. h3 Rd1+ 0-1

[Event "Vsetin op 41st"]
[Site "Vsetin"]
[Date "2016.07.05"]
[Round "5"]
[White "Bzowski, Blazej"]
[Black "Pycha, Patrik"]
[Result "1-0"]
[WhiteElo "2109"]
[BlackElo "2055"]
[PlyCount "27"]
[EventDate "2016.07.02"]
[EventType "swiss"]
[EventRounds "9"]
[EventCountry "CZE"]
[SourceTitle "CBM 173 Extra"]
[Source "ChessBase"]
[SourceDate "2016.08.29"]
[SourceVersion "1"]
[SourceVersionDate "2016.08.29"]
[SourceQuality "1"]

1. e4 e6 2. d4 d5 3. Nc3 Bb4 4. Bd2 dxe4 5. Qg4 Nf6 6. Qxg7 Rg8 7. Qh6 Qxd4 8. 0-0-0 Bf8 9. Qf4 Bd6 10. Qh4 Rg4 11. Qh6 Bf8 12. Qxf8+ Kxf8 13. Bh6+ Ke7 14. Rxd4 1-0

[Event "Vsetin op 40th"]
[Site "Vsetin"]
[Date "2015.07.07"]
[Round "5"]
[White "Bzowski, Blazej"]
[Black "Trcalek, David"]
[Result "1-0"]
[WhiteElo "2168"]
[BlackElo "1679"]
[PlyCount "73"]
[EventDate "2015.07.04"]
[EventType "swiss"]
[EventRounds "9"]
[EventCountry "CZE"]
[SourceTitle "CBM 167 Extra"]
[Source "ChessBase"]
[SourceDate "2015.09.14"]
[SourceVersion "1"]
[SourceVersionDate "2015.09.14"]
[SourceQuality "1"]

1. e4 e5 2. Nc3 Nf6 3. Bc4 Nc6 4. d3 Bc5 5. f4 d6 6. Nf3 exf4 7. Bxf4 Bg4 8. h3 Bh5 9. Qd2 Qd7 10. g4 Bg6 11. 0-0-0 0-0-0 12. Bg5 Na5 13. Bb3 Nxb3+ 14. axb3 Rhe8 15. Bxf6 gxf6 16. Nd5 Re6 17. Qf4 c6 18. Nxf6 Qe7 19. g5 h5 20. Kb1 Qc7 21. Rhf1 a5 22. Nh4 Qb6 23. Nf5 Qa6 24. Ng7 a4 25. Nxe6 fxe6 26. bxa4 Qxa4 27. Qd2 Kc7 28. b3 Qa6 29. c3 Ra8 30. Qb2 Ba3 31. Qa2 Qa5 32. b4 Qxg5 33. Qxe6 Qg2 34. Qb3 d5 35. Rg1 Qe2 36. Rxg6 Bb2 37. Qc2 1-0

[Event "Vsetin op 40th"]
[Site "Vsetin"]
[Date "2015.07.05"]
[Round "2"]
[White "Gabrys, Lukas"]
[Black "Bzowski, Blazej"]
[Result "1/2-1/2"]
[WhiteElo "1882"]
[BlackElo "2168"]
[PlyCount "110"]
[EventDate "2015.07.04"]
[EventType "swiss"]
[EventRounds "9"]
[EventCountry "CZE"]
[SourceTitle "CBM 167 Extra"]
[Source "ChessBase"]
[SourceDate "2015.09.14"]
[SourceVersion "1"]
[SourceVersionDate "2015.09.14"]
[SourceQuality "1"]

1. e4 e5 2. Nf3 Nc6 3. Bc4 Nf6 4. d3 Bc5 5. c3 Bb6 6. Nbd2 d6 7. b4 Qe7 8. a4 a5 9. b5 Nd8 10. Bb3 Be6 11. Ba3 Bxb3 12. Qxb3 Qe6 13. Qc2 Qg4 14. 0-0 Ne6 15. Nc4 Nf4 16. Ne1 Nh3+ 17. Kh1 Nxf2+ 18. Rxf2 Bxf2 19. Qxf2 b6 20. Ne3 Qe6 21. c4 Ng4 22. Nxg4 Qxg4 23. Nc2 0-0 24. Ne3 Qd7 25. Nd5 f6 26. Rf1 Rf7 27. Bc1 Raf8 28. Qh4 f5 29. exf5 Rxf5 30. Rxf5 Rxf5 31. Qe1 Qf7 32. Kg1 h6 33. h3 Kh7 34. Qe2 Qd7 35. Be3 Rf8 36. Bf2 Qf7 37. Bg3 Qg6 38. Kh2 Rf7 39. Qe4 Qxe4 40. dxe4 Kg8 41. Kg1 Kf8 42. Bf2 Ke8 43. Kf1 Kd7 44. Ke2 Kc8 45. Be1 Kb7 46. Bd2 Kb8 47. Bc3 Kb7 48. c5 bxc5 49. Bxa5 c6 50. Nc3 Rf8 51. bxc6+ Kxc6 52. Nb5 Ra8 53. Bd2 Rxa4 54. Nc3 Ra7 55. Kd3 Rf7 1/2-1/2

[Event "SVK-chT1E 9899"]
[Site "Slovakia"]
[Date "1999.??.??"]
[Round "8"]
[White "Bzowski, Blazej"]
[Black "Karnik, Pavel"]
[Result "0-1"]
[WhiteElo "2235"]
[BlackElo "2320"]
[PlyCount "62"]
[EventDate "1998.??.??"]
[EventType "team-tourn"]
[EventRounds "11"]
[EventCountry "SVK"]
[SourceTitle "EXT 2000"]
[Source "ChessBase"]
[SourceDate "1999.11.16"]
[SourceVersion "1"]
[SourceVersionDate "1999.11.16"]
[SourceQuality "1"]

1. e4 d5 2. exd5 Qxd5 3. h3 Nf6 4. Nc3 Qa5 5. d4 Bf5 6. Qf3 Be4 7. Qf4 Bxc2 8. Bd2 Na6 9. Rc1 Ba4 10. Qe5 c5 11. b4 Nxb4 12. Nxa4 Nd7 13. Qe4 Qxa4 14. dxc5 a5 15. Qxb7 Rb8 16. Qe4 e6 17. c6 Nc5 18. c7 Rc8 19. Qc4 Rxc7 20. Qb5+ Qxb5 21. Bxb5+ Kd8 22. Ke2 Bd6 23. Nf3 Ke7 24. Nd4 Ra8 25. a3 Nd5 26. Nc6+ Kf8 27. Nxa5 Bf4 28. Nc4 Bxd2 29. Kxd2 Nb3+ 30. Kc2 Nxc1 31. Rxc1 Rxa3 0-1

[Event "SVK-chT2 9697"]
[Site "Slovakia"]
[Date "1997.??.??"]
[Round "5"]
[White "Bzowski, Blazej"]
[Black "Novak, Ivan"]
[Result "0-1"]
[WhiteElo "2260"]
[BlackElo "2330"]
[PlyCount "46"]
[EventDate "1996.??.??"]
[EventType "team-swiss"]
[EventRounds "11"]
[EventCountry "SVK"]
[SourceTitle "EXT 1998"]
[Source "ChessBase"]
[SourceDate "1997.11.17"]
[SourceVersion "1"]
[SourceVersionDate "1997.11.17"]
[SourceQuality "1"]

1. e4 d6 2. d4 e5 3. Nf3 exd4 4. Nxd4 Nf6 5. Nc3 Be7 6. Be2 Nc6 7. Be3 0-0 8. 0-0 Re8 9. f4 Nxd4 10. Bxd4 Nd7 11. Bd3 Bf6 12. e5 dxe5 13. fxe5 Nxe5 14. Bxe5 Rxe5 15. Ne4 Qd4+ 16. Kh1 Rxe4 17. Bxe4 Qxe4 18. Rxf6 gxf6 19. Qd8+ Kg7 20. Rf1 Qe5 21. Kg1 b6 22. Rf3 Qe1+ 23. Rf1 Qxf1+ 0-1

[Event "SVK-chT1E 9798"]
[Site "Slovakia"]
[Date "1997.??.??"]
[Round "2"]
[White "Singliar, Anton"]
[Black "Bzowski, Blazej"]
[Result "1/2-1/2"]
[WhiteElo "2205"]
[BlackElo "2235"]
[PlyCount "38"]
[EventDate "1997.??.??"]
[EventType "team-tourn"]
[EventRounds "11"]
[EventCountry "SVK"]
[SourceTitle "EXT 1999"]
[Source "ChessBase"]
[SourceDate "1998.11.16"]
[SourceVersion "1"]
[SourceVersionDate "1998.11.16"]
[SourceQuality "1"]

1. d4 d5 2. c4 e6 3. Nc3 c6 4. Nf3 Nf6 5. Bg5 dxc4 6. e4 b5 7. e5 h6 8. Bh4 g5 9. Nxg5 hxg5 10. Bxg5 Be7 11. exf6 Bxf6 12. Be3 Bb7 13. Be2 c5 14. Bf3 Bxf3 15. Qxf3 cxd4 16. Bxd4 Bxd4 17. Qxa8 b4 18. Nb5 Bxf2+ 19. Kxf2 Qd2+ 1/2-1/2

[Event "Kosice op"]
[Site "Kosice"]
[Date "1995.??.??"]
[Round "?"]
[White "Tamaskovic, V."]
[Black "Bzowski, Blazej"]
[Result "0-1"]
[WhiteElo "1930"]
[BlackElo "2260"]
[PlyCount "74"]
[EventDate "1995.??.??"]
[EventType "swiss"]
[EventRounds "9"]
[EventCountry "SVK"]
[SourceTitle "EXT 2000"]
[Source "ChessBase"]
[SourceDate "1999.11.16"]
[SourceVersion "1"]
[SourceVersionDate "1999.11.16"]
[SourceQuality "1"]

1. e4 e5 2. Nf3 Nc6 3. Bc4 Nf6 4. d3 Bc5 5. Bg5 d6 6. Nc3 h6 7. Bh4 Bg4 8. h3 Bxf3 9. Qxf3 g5 10. Bg3 Nd4 11. Qd1 Qe7 12. Ne2 0-0-0 13. c3 Nxe2 14. Qxe2 h5 15. h4 g4 16. b4 Bb6 17. a4 a5 18. 0-0 Ng8 19. Rab1 Nh6 20. Qb2 c6 21. d4 Rd7 22. b5 c5 23. dxe5 dxe5 24. f3 f5 25. fxg4 f4 26. g5 fxg3 27. Rf6 Kc7 28. Rbf1 Ng4 29. Rf7 Qd6 30. Qe2 Rh7 31. Rd1 Qxd1+ 32. Qxd1 Rhxf7 33. Qe2 Rf2 34. Qe1 Rdd2 35. Bf1 c4 36. Kh1 Ne3 37. Bxc4 Rxg2 0-1

[Event "Novi Sad op"]
[Site "Novi Sad"]
[Date "1989.??.??"]
[Round "5"]
[White "Bulajic, Ratko"]
[Black "Bzowski, Blazej"]
[Result "1/2-1/2"]
[WhiteElo "2230"]
[BlackElo "2280"]
[PlyCount "51"]
[EventDate "1989.??.??"]
[EventType "swiss"]
[EventRounds "9"]
[EventCountry "YUG"]
[SourceTitle "EXT 2000"]
[Source "ChessBase"]
[SourceDate "1999.11.16"]
[SourceVersion "1"]
[SourceVersionDate "1999.11.16"]
[SourceQuality "1"]

1. d4 d5 2. c4 e6 3. Nf3 c6 4. Nc3 Nf6 5. Bg5 dxc4 6. e3 b5 7. a4 Bb4 8. Be2 h6 9. Bh4 g5 10. Bg3 Ne4 11. Qc2 Nxg3 12. hxg3 Bb7 13. Rd1 Nd7 14. Kf1 Bxc3 15. bxc3 Nb6 16. a5 Na4 17. Bxc4 Qxa5 18. Bb3 Nxc3 19. Nxg5 Nxd1 20. Nxf7 Nxe3+ 21. fxe3 Qa1+ 22. Kf2 Qxh1 23. Qg6 Kd7 24. Qxe6+ Kc7 25. Qd6+ Kb6 26. Qc5+ 1/2-1/2